000 00463nam a2200181Ia 4500
008 151213s9999 xx 000 0 und d
020 _a81-7493-155-4
082 _a658
_b658
100 _aFrancis Chaerunilam
245 _aBusiness Environment
_cFrancis Chaerunilam
250 _a6th
260 _aBaombay
_bHimalya Publishing House
_c1995
300 _a8322 p.
650 _aBusiness
650 _aBusiness
700 _aFrancis Chaerunilam
999 _c4164
_d4164